Skibidi Toilet Characters Picture(Part 1) - Statistics

General Stats
  • This quiz has been taken 30 times
  • The average score is 10 of 16
Answer Stats
Picture Answer % Correct
Skibidi Toilet (Normal Toilet)
100%
Plungerman
79%
Titan Cameraman
74%
Titan Speakerman
74%
TV Woman
74%
Titan TV Man
68%
Glitch Toilet
63%
Dark Speakerman
53%
G Toilet
53%
Large Cameraman
53%
Large TV Man (Polycephaly)
53%
Lucky Cameraman
53%
Scientist Toilet
53%
Secret Agent (DaFuqBoom)
53%
Speakerwoman
53%
Necromancer Toilet
21%
No matching quizzes found
Score Distribution
Percent of People with Each Score
Percentile by Number Answered
Your Score History
You have not taken this quiz